000 00638nam a2200205Ia 4500
003 GCL
008 140319s9999 xx 000 0 ara d
040 _aGCL /
_cGCL
082 0 4 _a301.04
_bا ا
100 1 _aاسماعيل على سعد
245 1 0 _aالاتجاهات الحديثة فى علم الاجتماع /
_cاسماعيل على سعد
260 _a[S.N] :
_bدار المعرفة الجامعية ،
_c1993
300 _a351 ص
490 _a
650 0 4 _aالمجتمع
650 0 4 _aالاجتماع
650 0 4 _aالتغير الاجتماعى
650 0 4 _aالبناء الاجتماعى
942 _2ddc
_cBK
999 _c27641
_d27641